Statistiques concernant Romorantin-Lanthenay

Cliquez ici pour prendre le quiz!

Statistiques générales

  • Ce quiz a été pris 28 fois
  • Le résultat moyen est 10 sur 15

Statistiques - réponses

HintRéponse% Correct
RégionCentre Val de loire
100%
Nombre de Lycées2
94%
Nombre de Collèges3
94%
Zoo célèbre à 35 Km de la villeZoo de Beauval
94%
Nombre de villes jumelées4
88%
Numéro du département41
88%
DépartementLoir et Cher
82%
Cours d'eau traversant la villeSauldre
65%
Région naturelle dont la ville est la capitaleSologne
65%
Autoroute à proximité de la villeA85
59%
Population environ18 000
47%
Superficie communale45 Km²
24%
Quartier du centre-ville inondé en 2016Le Bourgeau
18%
Nom du journal localLe petit Solognot
18%
Commune la plus proche de la villeVilleherviers
18%

Distribution des résultats

Percentile par nombre de réponses

% des personnes avec chaque résultat

Votre développement - résultats

Vous n’avez pas pris ce quiz